00586nam a22001697a 450000500170000001000130001702000260003003500110005603700130006708200080008010000260008824500850011424600500019926000520024927000920030130000230039320200915150855.0 aUR-10858 c200.00a9789389733891 aU-9413 bDBAD/PUB a841 aحا ذ ق فر يد  aنقش کہن( طر حی غز لو ں کا مجمو عہ)cحا ذ ق فر يد  bNaqsh-e-Kohan (Urdu)aby Dr. Hazique Fareed  aN.Delhi bEducational Publishing Housec2020 ء aH.O.D1/16,Ansari Road,Darya ganj,bN.Delhie110002k45678285,23216162l0091-11-23211540 a128 ص c22 Cm(Hb)